000 00427nam a22001577a 4500
003 OSt
005 20241215121453.0
008 241215b |||||||| |||| 00| 0 eng d
040 _cmacl
082 _a891.433
100 _aशिवानी
245 _aछब्बीस कहानियाँ
260 _aनई दिल्ली
_bवाणी
_c2023
650 _aकहानियाँ
942 _2ddc
_cHIN
999 _c67808
_d67808